| Tag |
First Indicator |
Second Indicator |
Subfields |
| LEADER |
00000cam a22000008i 4500 |
| 001 |
in00002852005 |
| 006 |
m o d |
| 007 |
cr ||||||||||| |
| 008 |
130224s2013 nju ob 001 0 eng |
| 005 |
20250816205952.2 |
| 010 |
|
|
|a 2012036105
|
| 019 |
|
|
|a 825978160
|a 828496207
|
| 020 |
|
|
|a 9781118418550 (electronic bk.)
|
| 020 |
|
|
|a 1118418557 (electronic bk.)
|
| 020 |
|
|
|a 9781118415856 (electronic bk.)
|
| 020 |
|
|
|a 111841585X (electronic bk.)
|
| 020 |
|
|
|z 9781118433577
|
| 020 |
|
|
|z 1118433572
|
| 020 |
|
|
|z 9781118022276 (cloth)
|
| 020 |
|
|
|z 1118022270 (cloth)
|
| 035 |
|
|
|a (OCoLC)ocn809250664
|
| 035 |
|
|
|a (NhCcYBP)ebr10648910
|
| 035 |
|
|
|a (OCoLC)809250664
|z (OCoLC)825978160
|z (OCoLC)828496207
|
| 040 |
|
|
|a DLC
|b eng
|e rda
|e pn
|c DLC
|d OCLCO
|d YDXCP
|d EBLCP
|d MHW
|d E7B
|d TEFOD
|d OCLCQ
|d TXA
|d UtOrBLW
|
| 042 |
|
|
|a pcc
|
| 049 |
|
|
|a TXAM
|
| 050 |
|
4 |
|a HD69.P75
|b K47 2013eb
|
| 082 |
0 |
0 |
|a 658.4/04
|2 23
|
| 100 |
1 |
|
|a Kerzner, Harold.
|
| 245 |
1 |
0 |
|a Project management :
|b a systems approach to planning, scheduling, and controlling /
|c Harold Kerzner, Ph. D. Senior Executive Director for Project Management, the International Institute for Learning, New York, New York.
|
| 250 |
|
|
|a Eleventh edition.
|
| 263 |
|
|
|a 1302
|
| 264 |
|
1 |
|a Hoboken, New Jersey :
|b John Wiley & Sons, Inc.,
|c [2013]
|
| 300 |
|
|
|a 1 online resource
|
| 336 |
|
|
|a text
|b txt
|2 rdacontent
|
| 337 |
|
|
|a computer
|b c
|2 rdamedia
|
| 338 |
|
|
|a online resource
|b cr
|2 rdacarrier
|
| 504 |
|
|
|a Includes bibliographical references and index.
|
| 520 |
|
|
|a The latest edition of the best selling ""bible"" of project management, Project Management, 11th Edition maintains the streamlined approach of the prior editions. This edition is closely aligned with PMI's Project Management Body of Knowledge (PMBOK), Fifth Edition. New content includes measuring project management ROI and value to the organization and to customers. The capstone ""super"" case on the ""Iridium Project"" covers all aspects of project management. A Student Workbook, Instructor's Manual, and a book of case studies help students prepare for the Project Management Pro.
|
| 588 |
|
|
|a Description based on print version record.
|
| 500 |
|
|
|a Electronic resource.
|
| 650 |
|
0 |
|a Project management.
|
| 650 |
|
0 |
|a Project management
|v Case studies.
|
| 655 |
|
7 |
|a Electronic books.
|2 local
|
| 710 |
2 |
|
|a ebrary, Inc.
|
| 776 |
0 |
8 |
|i Print version:
|a Kerzner, Harold.
|t Project management
|b Eleventh edition.
|d Hoboken, New Jersey : John Wiley & Sons, Inc., [2013]
|z 9781118022276
|w (DLC) 2012026239
|
| 856 |
4 |
1 |
|u https://ebookcentral.proquest.com/lib/tamucs/detail.action?docID=1113482
|y Connect to the full text of this electronic book
|t 0
|
| 948 |
|
|
|a cataloged
|b h
|c 2013/6/14
|d c
|e jlanham
|f 8:24:24 am
|
| 994 |
|
|
|a C0
|b TXA
|
| 999 |
f |
f |
|s 7a67a16c-0448-3a75-ad54-c7558ea91ea7
|i e99566f8-10f1-329b-bdc2-68b02e512d60
|t 0
|
| 999 |
|
|
|a MARS
|
| 952 |
f |
f |
|a Texas A&M University
|b College Station
|c Electronic Resources
|d Available Online
|t 0
|e HD69.P75 K47 2013eb
|h Library of Congress classification
|
| 998 |
f |
f |
|a HD69.P75 K47 2013eb
|t 0
|l Available Online
|